000 00270nam a2200109Ia 4500
008 220204s9999 xx 000 0 und d
082 _a82-3
_bKEE
100 _aKeene, Carolyn
245 4 _aThe Clue in the crossword cipher
260 _aLondon
_bArmada
_c1979
942 _cBK
999 _c32714
_d32714